Países por B - Estadísticas

Estadísticas generales
  • Esta prueba ha sido intentada 81 veces
  • La puntuación promedio es 11 de 17
Estadísticas de respuestas
Hint Respuesta % Correcto
Europa Bélgica
92%
América del Sur Bolivia
83%
América del Sur Brasil
78%
Europa Bielorrusia
75%
América del Norte Barbados
74%
América del Norte Belice
72%
Asia Bután
72%
América del Norte Bahamas
69%
Asia Brunéi
65%
Europa Bosnia y Herzegovina
63%
África Botsuana
58%
Europa Bulgaria
58%
Asia Baréin
52%
África Burundi
48%
África Benín
46%
Asia Bangladés
42%
África Burkina Faso
42%
No se encontraron pruebas coincidentes
Distribución de puntuación
Porcentaje de gente con cada puntuación
Porcentaje por número respondido
Historial de tus puntuaciones
No has intentado esta prueba.